01162nabaa22002057a 4500003000400000005001700004008004100021040000700062100001700069245008400086300001100170500003700181505042100218505008900639650002700728650003300755650002400788650002300812773012100835OSt20260125200140.0190701b xxu||||| |||| 00| 0 spa d cPJ aMonti, Laura10aModificaciones a la ley 19.549 en cuanto a control judicial /cLaura M. Monti.  ap. 3-7 aCita: TR LALEY AR/DOC/2766/2024  aSumario: I. Introducción.— II. Título I referido al ámbito de aplicación de la ley y a los principios fundamentales del procedimiento administrativo.— III. Título III: requisitos esenciales del acto administrativo, como acto jurídico de derecho público.— IV. Título IV: regula las vías administrativas impugnatoria de actos particulares y generales, y reclamatoria contra hechos y omisiones.  t¿Te interesa el texto completo? Comunicate al correo: koha@justierradelfuego.gov.ar 0aDERECHO ADMINISTRATIVO 0aPROCEDIMIENTO ADMINISTRATIVO 0aACTO ADMINISTRATIVO 0aREFORMA DEL ESTADO0 02842dBuenos Aires : AbeledoPerrot, 2012-oDA121tDerecho administrativo. Nº 156 noviembre/diciembre 2024z18510590